|
|
|
|
| LEADER |
01385nam a2200337Ia 4500 |
| 001 |
EBC289884 |
| 003 |
MiAaPQ |
| 005 |
20200520144314.0 |
| 006 |
m o d | |
| 007 |
cr cn||||||||| |
| 008 |
011019s2004 enk s 000 0 eng d |
| 020 |
|
|
|z 0861769945
|
| 035 |
|
|
|a (MiAaPQ)EBC289884
|
| 035 |
|
|
|a (Au-PeEL)EBL289884
|
| 035 |
|
|
|a (CaPaEBR)ebr10067134
|
| 035 |
|
|
|a (CaONFJC)MIL51566
|
| 035 |
|
|
|a (OCoLC)61394931
|
| 040 |
|
|
|a MiAaPQ
|c MiAaPQ
|d MiAaPQ
|
| 050 |
|
4 |
|a HD58.7
|b E64 2004
|
| 245 |
0 |
4 |
|a The end of the end of good work?
|h [electronic resource] :
|b work organization or lean production in the Volvo organization /
|c Guest editor, Dr. Terry Wallace.
|
| 260 |
|
|
|a Bradford, England :
|b Emerald Group Publishing,
|c c2004.
|
| 300 |
|
|
|a 111 p.
|
| 490 |
1 |
|
|a International Journal of Operations & Production Management. No. 8 ;
|v Vol. 24
|
| 533 |
|
|
|a Electronic reproduction. Ann Arbor, MI : ProQuest, 2015. Available via World Wide Web. Access may be limited to ProQuest affiliated libraries.
|
| 650 |
|
0 |
|a Organizational behavior.
|
| 650 |
|
0 |
|a Automobile industry and trade.
|
| 655 |
|
4 |
|a Electronic books.
|
| 700 |
1 |
|
|a Wallace, Terry.
|
| 710 |
2 |
|
|a ProQuest (Firm)
|
| 830 |
|
0 |
|a International Journal of Operations & Production Management.
|n No. 8 ;
|v v. 24.
|
| 856 |
4 |
0 |
|u https://ebookcentral.proquest.com/lib/matrademy/detail.action?docID=289884
|z Click to View
|